000 00989cad a22002415a 4500
001 E151115
008 101001s2010 xxk f s000 0 eng d
020 _a9780755996575
035 _a(Sirsi) u151115
041 0 _aeng
110 2 _aTribal Consulting
_94968
245 0 0 _aInterim review of the home report
_h[electronic resource]
260 _aEdinburgh
_hScottish Government
_c2010
520 _aSets out the findings of the interim review of the Home Report in Scotland. Examines the operation of the Home Report, and looks at the housing market from 1 December 2008 to 30 November 2009.
590 _aKA
650 2 4 _aHOME REPORT
651 4 _aScotland
_y1999-
690 _aPROPERTY-RESIDENTIAL PROPERTY-ACQUISITION AND DISPOSAL OF RESIDENTIAL PROPERTY
710 1 _aGeorge Street Research
_95866
710 1 _aOptimal Economics
856 4 0 _uhttps://www.scotland.gov.uk/Publications/2010/09/28094548/0
_zView the report free of charge at www.scotland.gov.uk
942 _n0
999 _c111166
_d111166